banner-ar

الميداليات العثمانية الاوربية التذكارية : (Record no. 66756)

MARC details
000 -الفاتح
حقل البيانات ثابتة الطول 01033nam a2200229Ia 4500
005 - وقت وتاريخ اخر تعامل مع التسجيلة
رقم الضبط 20240530110937.0
008 - عناصر البيانات ثابتة الطول - معلومات عامة
حقل البيانات ثابتة الطول 140319s2021 ua dhf f 000 0 ara d
017 ## - رقم الايداع القانونى
رقم الايداع القانونى 2020/7810
المصدر ( الهيئة المختصة) مصر. دار الكتب
020 ## - الرقم الدولى المعيارى للكتب
الرقم الدولى المعيارى للكتاب 9789776809079
040 ## - مصدر الفهرسة
وكالة الفهرسة الأصلية GCL /
وكالة النسخ GCL
082 04 - رقم تصنيف ديوى العشرى
رقم التصنيف 737.22/
رقم المادة م م
100 0# - المدخل الرئيسى - إسم شخصى
الإسم الشخصى مروة على عبدالولى عبدالعليم
245 10 - بيان العنوان
العنوان الميداليات العثمانية الاوربية التذكارية :
بقية العنوان (699 - 1341 هـ / 1300 - 1922 م ) /
بيان المسئوليه,etc تاليف مروة على عبدالولى عبدالعليم ؛ مراجعة وتقديم رافت محمد النبراوى
260 ## - PUBLICATION, DISTRIBUTION, ETC. (IMPRINT)
تاريخ النشر أو التوزيع 2021.
300 ## - الوصف المادى
التعداد 319 ص. :
تفاصيل ماديه اخرى للوعاء ايض ؛
أبعاد الوعاء 24 سم.
650 07 - المدخل الاضافى بالموضوع-مصطلح موضوعى
مصدر الرأس أو المصطلح qrmak
مصطلح موضوعي الميداليات
650 07 - المدخل الاضافى بالموضوع-مصطلح موضوعى
مصطلح موضوعي الاوسمة والنياشيبن
650 04 - المدخل الاضافى بالموضوع-مصطلح موضوعى
مصدر الرأس أو المصطلح qrmak
مصطلح موضوعي الميداليات العثمانية الاوربية
700 0# - المدخل الاضافى - اسم شخصى
الإسم الشخصى رافت محمد النبراوى
الدور مراجع ومقدم
942 ## - عناصر المدخل الإضافي( كوها)
مصدر التصنيف او مخطط الترفيف Dewey Decimal Classification
Koha [default] item type كتاب
260 ## - PUBLICATION, DISTRIBUTION, ETC. (IMPRINT)
-- القاهرة :
-- المؤسسة الدولية للكتاب،
Holdings
حالة التراجع حالة الفقد مصدر التصنيف او خطة الترفيف حالة تلف ليس للاعارة المكان المؤقت الموقع الحالى موقع الترفيف تاريخ الاكتساب اجمالي اﻻعارات رقم الطلب الباركود تاريخ اخر مشاهدة تاريخ تفعيل السعر نوع وعاء كوها
    ddc     مكتبة القاهرة الكبرى مكتبة القاهرة الكبرى   10/18/2022   737.22/ م م 168614 10/18/2022 10/18/2022 كتاب

Powered By

EGPV